[Event "FRA-ch U12 Girls"]
[Site "Aix les Bains"]
[Date "2006.??.??"]
[Round "3"]
[White "Benkhelil, Ryane"]
[Black "Lurbe, Melina"]
[Result "1-0"]
[WhiteElo "1610"]
[BlackElo "1200"]
[PlyCount "89"]
[EventDate "2006.04.16"]
[EventType "swiss"]
[EventRounds "9"]
[EventCountry "FRA"]
[SourceTitle "EXT 2007"]
[Source "ChessBase"]
[SourceDate "2006.11.23"]
[SourceVersion "1"]
[SourceVersionDate "2006.11.23"]
[SourceQuality "1"]

1. e4 e5 2. d4 Nc6 3. Nf3 d6 4. dxe5 dxe5 5. Qxd8+ Nxd8 6. Nxe5 Nf6 7. Bg5 Be7 8. Nc3 0-0 9. Bd3 Ne6 10. Be3 Nc5 11. 0-0 Nxd3 12. cxd3 Be6 13. Rad1 Bd6 14. Bf4 a6 15. d4 Ng4 16. Nxg4 Bxg4 17. Bxd6 cxd6 18. f3 Bd7 19. d5 b5 20. b4 a5 21. a3 axb4 22. axb4 Ra3 23. Ne2 Ra4 24. Rb1 Rc8 25. Rfc1 Rc4 26. Rxc4 bxc4 27. Nc3 Ra3 28. Rc1 Rb3 29. b5 f6 30. Kf2 Bxb5 31. Nxb5 Rxb5 32. Rxc4 Rc5 33. Rxc5 dxc5 34. Ke3 Kf7 35. Kd3 Ke7 36. f4 Kd6 37. Kc4 h6 38. e5+ fxe5 39. fxe5+ Kxe5 40. Kxc5 Kf6 41. Kc6 Ke7 42. Kc7 Ke8 43. d6 g5 44. d7+ Kf7 45. d8Q 1-0